000 01452naa a22003615i 4500
001 195824
003 ES-MaACL
005 20250804074810.0
008 240721s2020 sp |||| |||||0|0|0 spa|c
017 _aDL AS 00120-2020,
_bOficina DL Asturias
020 _a9788417691912
035 _aRebiun29579561
040 _aES-CaUJI
_bcat
_erda
_cES-CaUJI
100 1 _aMenchén, Pedro
_9146080
245 1 0 _aOrtega y Gasset y Antonio Machado :
_bEl dilema de las dos Españas /
_cPedro Menchén.
264 1 _aOviedo :
_bArs Poetica,
_c2020
300 _a295 páginas ;
_c23 cm
336 _aText
_btxt
_2rdacontent
337 _asin medicación
_bn
_2rdamedia
338 _avolum
_bnc
_2rdacarrier
490 1 _aSapientia poética
504 _aReferencias bibliográficas (páginas 285-289) e índice
600 1 4 _aOrtega y Gasset, José,
_d1883-1955-
_xCrítica e interpretación
_987505
600 1 4 _aMachado, Antonio,
_d1875-1939-
_xCrítica e interpretación
_975154
650 7 _aFilosofía-
_zEspaña-
_yS.XX
_2
_9143004
830 _aSapientia poética
_9239744
852 _aES-MaACL
_bR.153036
_cDEPOJ
_jN-8837
_hDonación: Pedro Menchén
_xEncuadernación: rústica con solapas
_9204683
903 _9146080
_aMenchén, Pedro
_ednr
942 _2udc
_cMONOGRAFIA
_n0
954 _iTatiana Alejandra de Castro Pérez
999 _c195824
_d195824